Nástroje menovej politiky európskeho systému centrálnych bánk
Ciele a nástroje menovej politiky Európskeho systému centrálnych bánk (ESCB). Riadiace orgány ESCB. Jednotná úroková sadzba Európskej centrálnej banky a medzibankové úrokové sadzby. Nástroje ESCB: operácie na voľnom trhu, pohotovostné zdroje, povinné minimálne rezervy.
Enregistré dans:
| Auteur principal: | |
|---|---|
| Format: | Chapitre de livre |
| Langue: | slovaque |
| Sujets: | |
| Tags: |
Pas de tags, Soyez le premier à ajouter un tag!
|
MARC
| LEADER | 00000naa a2200000 4500 | ||
|---|---|---|---|
| 001 | r033101 | ||
| 005 | 20221130064107.1 | ||
| 041 | 0 | |a slo | |
| 044 | |a SK | ||
| 245 | 1 | 0 | |a Nástroje menovej politiky európskeho systému centrálnych bánk |c Emília Zimková |
| 520 | |a Ciele a nástroje menovej politiky Európskeho systému centrálnych bánk (ESCB). Riadiace orgány ESCB. Jednotná úroková sadzba Európskej centrálnej banky a medzibankové úrokové sadzby. Nástroje ESCB: operácie na voľnom trhu, pohotovostné zdroje, povinné minimálne rezervy. | ||
| 610 | 2 | 0 | |a politika menová |
| 610 | 2 | 0 | |a systém menový medzinárodný |
| 610 | 2 | 0 | |a banky centrálne |
| 610 | 2 | 0 | |a únie menové |
| 610 | 2 | 0 | |a sadzby úrokové |
| 610 | 2 | 0 | |a nástroje politiky menovej |
| 610 | 2 | 0 | |a Európska menová únia |
| 610 | 2 | 0 | |a Európsky systém centrálnych bánk |
| 100 | 1 | |a Zimková, Emília | |